Managing organizational ecologies (Record no. 114629)

MARC details
000 -LEADER
fixed length control field 00732cam a22002175a 4500
001 - CONTROL NUMBER
control field L157150
008 - FIXED-LENGTH DATA ELEMENTS--GENERAL INFORMATION
fixed length control field 120910s2012 xxk f 000 0 eng d
020 ## - INTERNATIONAL STANDARD BOOK NUMBER
International Standard Book Number 9780415896993
035 ## - SYSTEM CONTROL NUMBER
System control number (Sirsi) u157150
041 0# - LANGUAGE CODE
Language code of text/sound track or separate title eng
050 04 - LIBRARY OF CONGRESS CALL NUMBER
Classification number 658.20285 $2 18
245 00 - TITLE STATEMENT
Title Managing organizational ecologies
Remainder of title space, management, and organizations
260 ## - PUBLICATION, DISTRIBUTION, ETC.
Place of publication, distribution, etc. New York
-- London
Name of publisher, distributor, etc. Routledge
Date of publication, distribution, etc. 2012
300 ## - PHYSICAL DESCRIPTION
Extent xviii, 265p.
Dimensions 24cm.
520 ## - SUMMARY, ETC.
Summary, etc. Looks at the ways in which changes in the organisation of physical space can affect the performance of those occupying that space.
651 #4 - SUBJECT ADDED ENTRY--GEOGRAPHIC NAME
Geographic name United Kingdom
Chronological subdivision
690 ## - LOCAL SUBJECT ADDED ENTRY--TOPICAL TERM (OCLC, RLIN)
Topical term or geographic name as entry element Facilities management
9 (RLIN) 6240
700 1# - ADDED ENTRY--PERSONAL NAME
Personal name Alexander, Keith
Relator term Ed.
700 1# - ADDED ENTRY--PERSONAL NAME
Personal name Price, Ifryn
Relator term Ed.
942 ## - ADDED ENTRY ELEMENTS (KOHA)
Suppress in OPAC 0
Holdings
Withdrawn status Lost status Source of classification or shelving scheme Damaged status Not for loan Home library Current library Shelving location Date acquired Cost, normal purchase price Total Checkouts Full call number Barcode Date last seen Copy number Cost, replacement price Price effective from Koha item type
    Dewey Decimal Classification     London London Books 20/11/2012 63.80   658.20285 MAN 30077502 06/08/2019 1 63.80 06/08/2019 Book